"Проблема" и "проблематизация": соотношение и интерпретация понятий в современной эпистемологии; Известия Томского политехнического университета [Известия ТПУ]; Т. 307, № 4
| Parent link: | Известия Томского политехнического университета [Известия ТПУ]/ Томский политехнический университет (ТПУ).— , 2000- Т. 307, № 4.— 2004.— [С. 147-150] |
|---|---|
| Main Author: | |
| Summary: | Заглавие с титульного листа Электронная версия печатной публикации Рассматриваются понятия "проблема" и "проблематизация". Указывается необходимость разведения этих понятий в условиях современной эпистемологии. Доказывается, что "проблема" характеризует качество научного знания, тогда как "проблематизация" направлена на оценку предпосылочного знания науки. |
| Language: | Russian |
| Published: |
2004
|
| Series: | Социально-экономические и гуманитарные науки |
| Subjects: | |
| Online Access: | http://www.lib.tpu.ru/fulltext/v/Bulletin_TPU/2004/v307/i4/34.pdf |
| Format: | Electronic Book Chapter |
| KOHA link: | https://koha.lib.tpu.ru/cgi-bin/koha/opac-detail.pl?biblionumber=169765 |
MARC
| LEADER | 00000nla2a2200000 4500 | ||
|---|---|---|---|
| 001 | 169765 | ||
| 005 | 20231225134704.0 | ||
| 035 | |a (RuTPU)RU\TPU\book\184129 | ||
| 035 | |a RU\TPU\book\184128 | ||
| 090 | |a 169765 | ||
| 100 | |a 20091117d2004 k y0rusy50 ca | ||
| 101 | 0 | |a rus | |
| 102 | |a RU | ||
| 135 | |a drnn ---uucaa | ||
| 181 | 0 | |a i | |
| 182 | 0 | |a b | |
| 200 | 1 | |a "Проблема" и "проблематизация": соотношение и интерпретация понятий в современной эпистемологии |f И. Б. Ардашкин | |
| 203 | |a Текст |c электронный | ||
| 215 | |a 1 файл (122 Кб) | ||
| 225 | 1 | |a Социально-экономические и гуманитарные науки | |
| 300 | |a Заглавие с титульного листа | ||
| 300 | |a Электронная версия печатной публикации | ||
| 320 | |a [Библиогр.: с. 150 (6 назв.)] | ||
| 330 | |a Рассматриваются понятия "проблема" и "проблематизация". Указывается необходимость разведения этих понятий в условиях современной эпистемологии. Доказывается, что "проблема" характеризует качество научного знания, тогда как "проблематизация" направлена на оценку предпосылочного знания науки. | ||
| 337 | |a Adobe Reader | ||
| 461 | 1 | |0 (RuTPU)RU\TPU\book\176237 |t Известия Томского политехнического университета [Известия ТПУ] |f Томский политехнический университет (ТПУ) |d 2000- | |
| 463 | 1 | |0 (RuTPU)RU\TPU\book\184014 |t Т. 307, № 4 |v [С. 147-150] |d 2004 |p 194 с. | |
| 610 | 1 | |a проблемы | |
| 610 | 1 | |a проблематизация | |
| 610 | 1 | |a соотношения | |
| 610 | 1 | |a интерпретация | |
| 610 | 1 | |a понятия | |
| 610 | 1 | |a эпистемология | |
| 610 | 1 | |a качество | |
| 610 | 1 | |a научные знания | |
| 610 | 1 | |a оценка | |
| 610 | 1 | |a предпосылочные знания | |
| 610 | 1 | |a труды учёных ТПУ | |
| 610 | 1 | |a электронный ресурс | |
| 700 | 1 | |a Ардашкин |b И. Б. |c философ |c профессор Томского политехнического университета, доктор философских наук |f 1972- |g Игорь Борисович |3 (RuTPU)RU\TPU\pers\25417 |9 11359 | |
| 801 | 1 | |a RU |b 63413507 |c 20090623 |g PSBO | |
| 801 | 2 | |a RU |b 63413507 |c 20210727 |g PSBO | |
| 856 | 4 | |u http://www.lib.tpu.ru/fulltext/v/Bulletin_TPU/2004/v307/i4/34.pdf | |
| 942 | |c CF | ||